LEADER 03145nam 2200637 a 450 001 9910458894603321 005 20200520144314.0 010 $a1-282-94964-0 010 $a9786612949647 010 $a90-04-18224-1 024 7 $a10.1163/ej.9789004175792.i-338 035 $a(CKB)2670000000066121 035 $a(EBL)634927 035 $a(OCoLC)700510647 035 $a(SSID)ssj0000435482 035 $a(PQKBManifestationID)11279401 035 $a(PQKBTitleCode)TC0000435482 035 $a(PQKBWorkID)10422241 035 $a(PQKB)10329166 035 $a(MiAaPQ)EBC634927 035 $a(OCoLC)318869907 035 $a(nllekb)BRILL9789004182240 035 $a(PPN)170414345 035 $a(Au-PeEL)EBL634927 035 $a(CaPaEBR)ebr10439180 035 $a(CaONFJC)MIL294964 035 $a(EXLCZ)992670000000066121 100 $a20090513d2009 uy 0 101 0 $aeng 135 $aur|n|---||||| 181 $ctxt 182 $cc 183 $acr 200 10$aDictionary of Sonom Gara's Erdeni-yin sang$b[electronic resource] $ea middle Mongol version of the Tibetan Sa-skya legs bshad : Mongol-English-Tibetan /$fby Gyorgi Kara ; with the assistance of Marta Kiripolska? 210 $aLeiden ;$aBoston $cBrill$d2009 215 $a1 online resource (380 p.) 225 1 $aBrill's Inner Asian library,$x1566-7162 ;$vv. 23 300 $aDescription based upon print version of record. 311 $a90-04-17579-2 320 $aIncludes bibliographical references. 327 $tPreliminary Material /$rG. Kara -- $tIntroduction /$rG. Kara -- $tAbbreviations, Languages, Symbols /$rG. Kara -- $tDictionary Of Sonom Gara?s Erdeni-Yin Sang /$rG. Kara -- $tBibliography /$rG. Kara. 330 $aThis then is the first full dictionary of the earliest Mongol version of the thirteenth-century moral guide Sa skya Legs bshad that was compiled in Tibetan by the famous high priest and scholar Sa skya Pandita, and as such an indispensable tool for the study of Tibeto-Mongol translation techniques, and Mongol language history in general. The medieval Mongol translator Sonom Gara?s words written in Uygur letters or printed in Kubilai?s Square Script are listed here in transcription together with an English interpretation and their equivalents in the Tibetan original. Parallel passages are quoted from later seventeenth- and eighteenth-century Mongol translations. The foreword extensively discusses the strophic structure, notions and values, discrepancies between the Tibetan and the Middle Mongol versions, Uygur elements and other peculiarities of Sonom Gara?s language. 410 0$aBrill's Inner Asian library ;$vv. 23. 606 $aMongolian language$xLexicology, Historical 608 $aElectronic books. 615 0$aMongolian language$xLexicology, Historical. 676 $a494/.233 700 $aKara$b Gyo?rgy$0645439 701 $aKiripolska?$b Marta$0971898 801 0$bMiAaPQ 801 1$bMiAaPQ 801 2$bMiAaPQ 906 $aBOOK 912 $a9910458894603321 996 $aDictionary of Sonom Gara's Erdeni-yin sang$92209658 997 $aUNINA LEADER 03019nam 22005895 450 001 9910424626903321 005 20240717165444.0 010 $a9783110615937 010 $a3110615932 024 7 $a10.1515/9783110615937 035 $a(CKB)4100000011373083 035 $a(DE-B1597)499157 035 $a(DE-B1597)9783110615937 035 $a(OCoLC)1191864085 035 $a(MiAaPQ)EBC6637709 035 $a(Au-PeEL)EBL6637709 035 $a(oapen)https://directory.doabooks.org/handle/20.500.12854/63705 035 $a(oapen)doab63705 035 $a(EXLCZ)994100000011373083 100 $a20200826h20202020 fg 101 0 $aeng 135 $aur||#|||||||| 181 $ctxt$2rdacontent 182 $cc$2rdamedia 183 $acr$2rdacarrier 200 00$aBody and Spirit in the Middle Ages $eLiterature, Philosophy, Medicine /$fGaia Gubbini 205 $a1st ed. 210 $aBerlin/Boston$cDe Gruyter$d2020 210 1$aBerlin ;$aBoston :$cDe Gruyter,$d[2020] 210 4$d©2020 215 $a1 online resource (VI, 284 p.) 311 08$a9783110615913 311 08$a3110615916 327 $tFrontmatter --$tContents --$tIntroduction --$tLa notion philosophico-médicale de spiritus dans l'Avicenne latin --$tSkin, the inner senses, and the readers' inner life in the Aviarium of Hugh of Fouilloy and related texts --$tLes cinq sens, le corps et l'esprit --$tLanguage, Soul, & Body (Parts) --$tCorps et esprit --$tThe Medical, the Philosophical, and the Theological Discourses on the Senses --$tLa poésie mystique --$tAnimae sequuntur corpora --$tAmour, imagination et poésie dans l'oeuvre médicale de Gentile da Foligno --$tPetrarch and the Senses --$tMelancholy and Creativity in Petrarch --$tBodies without Minds, Minds without Bodies --$tLe « contact virtuel » entre un esprit et un corps et l'action à distance --$tRetorica delle passioni 330 $aA crucial question throughout the Middle Ages, the relationship between body and spirit cannot be understood without an interdisciplinary approach - combining literature, philosophy and medicine. Gathering contributions by leading international scholars from these disciplines, the collected volume explores themes such as lovesickness, the five senses, the role of memory and passions, in order to shed new light on the complex nature of the medieval Self. 606 $aLITERARY CRITICISM / Medieval$2bisacsh 610 $aBody. 610 $aFive Senses. 610 $aLovesickness. 610 $aPassions. 610 $aSpirit. 615 7$aLITERARY CRITICISM / Medieval. 686 $aEC 5127$qDE-25/sred21$2rvk 700 $aGubbini$b Gaia$4edt$0474230 702 $aGubbini$b Gaia$4edt$4http://id.loc.gov/vocabulary/relators/edt 712 02$aAlexander von Humboldt-Stiftung,$4fnd$4http://id.loc.gov/vocabulary/relators/fnd 801 0$bDE-B1597 801 1$bDE-B1597 906 $aBOOK 912 $a9910424626903321 996 $aBody and Spirit in the Middle Ages$94174812 997 $aUNINA